| 000 | 00490nam a2200181 i 4500 | ||
|---|---|---|---|
| 001 | 56662 | ||
| 003 | ES-MaACL | ||
| 005 | 20231205193243.0 | ||
| 007 | t| | ||
| 008 | 031010s1943 sp ||||1| spa d | ||
| 100 | 1 |
_aDiego, Gerardo, _d1896-1987 _944545 |
|
| 245 | 1 | 0 |
_aAlondra de verdad / _cGerardo Diego. |
| 250 | _a2ยช ed. | ||
| 260 |
_aMadrid : _bEscorial, _c1943 ( _fDiana) |
||
| 300 |
_a105 p. ; _c23 cm. |
||
| 852 |
_aES-MaACL _jC-4079 _bR.23281 |
||
| 999 |
_c56662 _d56662 |
||